| 000 | 00857nam a2200217 a 4500 | ||
|---|---|---|---|
| 001 | BRCA_2277 | ||
| 005 | 20190320203736.0 | ||
| 008 | spas19s1992----sp-a---###---#000-paspa-# | ||
| 020 | _a8474838630 | ||
| 050 | 4 |
_aTR87 _b.L67 1992 |
|
| 100 | 1 |
_aLópez Mondéjar, Publio _96819 |
|
| 245 | 1 | 0 |
_aLas fuentes de la memoria _bfotografía y sociedad en España, 1900-1939 _cPublio López Mondéjar. |
| 260 |
_aMadrid _bLunwerg _c1992 |
||
| 300 |
_a246 p. _bil. (algunas a color) _c30 cm. |
||
| 500 | _aCatálogo de la exposición realizada en la Sala Municipal Muralla Bizantina (Cartagena, España), enero 1993 | ||
| 504 | _aBibliografía : (p. 100-103) | ||
| 650 | 1 | 4 |
_aFotografía _xHistoria _ySiglo XX _zEspaña _96820 |
| 650 | 1 | 4 |
_aFotógrafos españoles _ySiglo XX _96821 |
| 650 | 1 | 4 |
_aGuerra Civil Española (1936-1939) _xEn la fotografía _96822 |
| 942 |
_2lcc _cB |
||
| 999 |
_c2023 _d2023 |
||